|
|
|
|
| LEADER |
00640nam a22001811a 4500 |
| 020 |
|
|
|a 9788120805101
|
| 082 |
|
|
|a 181.043
|b GEO/B
|
| 100 |
|
|
|a George Grimm
|9 64939
|
| 245 |
|
|
|a Buddhist wisdom:
|b the mystery of the self/
|c by George Grimm
|
| 260 |
|
|
|a New Delhi:
|b Motilal Banarsidass,
|c 1999.
|
| 300 |
|
|
|a 68p.
|
| 650 |
|
|
|a Budhist Philosophy
|9 64940
|
| 650 |
|
|
|a Philosophy
|9 64941
|
| 700 |
|
|
|a Carroll Aikins(tr.)
|9 64942
|
| 700 |
|
|
|a Keller Grimm (ed.)
|9 64943
|
| 942 |
|
|
|c BK
|
| 999 |
|
|
|c 6311
|d 6311
|
| 952 |
|
|
|0 0
|1 0
|4 0
|6 181_043000000000000_GEO_B
|7 0
|9 9637
|a SSUS
|b SSUS
|c STACKS
|d 2015-01-08
|g 115.00
|o 181.043 GEO/B
|p 008010
|r 2015-01-08
|v 0.00
|w 2015-01-08
|y BK
|